1021 1419 1940 1309 1738 1962 1785 1672 1250 1469 1199 1722 1421 1803 1880 1800 1891 1758 1061 1318 1289 1157 1645 1458 1065 1984 1059 1127 1028 1781 1460 1811 1800 1180 1635 1660 1778 2000 1647 1317 1385 1977 1006 1924 1034 1944 1285 1844 1323 1946 1522 1883 1423 1722 1339 1782 1340 1167 1863 1382 1797 1390 1080 1167 1258 1361 1718 1080 1125 1210 1841 1188 1751 1528 1447 1509 1235 1326 1134 1718 1605 1173 1322 1464 1054 1912 1666 1076 1455 1029 1514 1146 1438 1064 1965 1966 1860 1893 1391 BCNSPRNW ULIB Ver.6.0+V

เปลี่ยนเป็นภาษาไทย

Change to English
 แสดงรายละเอียดบรรณานุกรม
  กลับหน้าหลัก

Brief Record : Get Marc (ISO 2709) : E-mail record : QR code < ปิดหน้าต่าง
LEADER : 00000nam 2200000uu 4500
001    13399121479
003     ULIB
008    121121s2552||||th 000 0 tha d
020    ^a9786167016016
050 04 ^aTX719^bน566อ
100 0  ^aนิดดา หงษ์วิวัฒน์
245 00 ^aอาหารฤทธิ์เย็น:แนวธรรมชาติบำบัดปรับสมดุลรักษาโรค/^cนิดดา หงษ์วิวัฒน์
250    ^aพิมพ์ครั้งที่ 1
260    ^aกรุงเทพฯ:^bแสงแดด,^c2552
300    ^a159 หน้า:^bภาพประกอบสี
650  7 ^aสูตรอาหาร
650  7 ^aโภชนาการอาหาร
945    ^p295^l0^i18159
995    ^aวิภา
999 ^a ใช้งานได้ทุกระบบ
รายการนี้ยังไม่มีแท็ก
คุณยังไม่ได้ล็อกอิน คุณสามารถมีกิจกรรมร่วมกับเว็บไซต์ได้ แต่ต้องล็อกอินก่อน ::
  ล็อกอิน

รายการสื่อสารสนเทศ

ลำดับที่ ประเภท เลขเรียก/บาร์โค้ด สถานที่ สถานะ
1. วิทยาศาสตร์การแพทย์ และสุขภาพ
วิทยาศาสตร์การแพทย์ และสุขภาพ
TX719 น566อ  
  Barcode: 18159
ห้องสมุดวิทยาเขตสวรรค์ประชารักษ์
►หนังสือทั่วไป
บนชั้น

รายการใกล้เคียง
    ผู้แต่ง [นิดดา หงษ์วิวัฒน์]

    หัวเรื่อง [สูตรอาหาร]
    หัวเรื่อง [โภชนาการอาหาร]

BibComment


ยังไม่เคยถูกคอมเมนท์

คอมเมนท์ทรัพยากรรายการนี้
  คอมเมนท์: อาหารฤทธิ์เย็นแน..


 Copyright 2026. Bcnsprnw @Library